| 000 | 00576nmc a2200229 a 4500 | ||
|---|---|---|---|
| 003 | AR-BaBNM | ||
| 005 | 20251128204941.0 | ||
| 008 | 176019s1994 ||||||||||||||000 | spa|| | ||
| 020 | _a950-777-086-0 | ||
| 040 | _cAR-BaBNM | ||
| 100 | 1 | _aClementi, Hebe | |
| 245 | 1 | 0 |
_aEl protagonismo de la Boca _b1850-1890 |
| 260 |
_aBuenos Aires _bLetra Buena _c1994 |
||
| 300 | 0 |
_a102 p. _btablas |
|
| 490 | 0 | _aTemas de historia | |
| 650 | 4 | _aINMIGRACION | |
| 650 | 4 | _aINFRAESTRUCTURA DEL TRANSPORTE | |
| 650 | 4 | _aPUERTOS | |
| 651 | 4 | _aArgentina | |
| 942 | _cBK | ||
| 998 | _cMARTIN | ||
| 999 |
_c9459 _d9459 |
||